| 000 | 00577cam a2200205 4500 | ||
|---|---|---|---|
| 001 | D4018 | ||
| 008 | 090401t1976 xxu||||| |||| 00| 0 eng d | ||
| 035 | _a(Sirsi) u76161 | ||
| 041 | _aeng | ||
| 050 | _a692.5 | ||
| 100 | _aGeddes, Spence | ||
| 245 | _aEstimating for building and civil engineering works: incorporating building and public works administration, estimating and costing | ||
| 250 | _a6th | ||
| 260 |
_aLondon _bNewnes-Butterworth _c1976 |
||
| 300 | _a413p. 26cm | ||
| 350 | _a13 | ||
| 700 | _aChrystal-Smith, G (ed) | ||
| 942 | _n0 | ||
| 948 | _c04/03/1997 | ||
| 999 |
_c96126 _d96126 |
||